000 00514nam a2200145Ia 4500
008 140724s9999 xx 000 0 und d
050 _aQA 76.9.S88
_b.R886 2013
100 _aRoxas, Arveen Anne D.
245 _aHuman resource information system of Riscor Engineering Consultancy /
_cArveen Anne D. Roxas.
260 _aLas PiƱas, Philippines :
_bSouthville International School and Colleges,
_cc2013.
300 _a84 p. :
_bill. ;
_c28 cm.
521 _aInformation Technology
942 _cTH
999 _c229177
_d229177